000 00647nam a2200217 a 4500
999 _c3258
_d3258
001 3258
003 BD-JhCC
005 20171112101759.0
008 171112s1986 bg |||| |||| 000 0 ben d
035 _a(BD-JhCC) 3258
040 _aBD-JhCC
_dBD-JhCC
041 _aben
082 _a891.4435
_bCHO 1986
100 _aচৌধুরী, এহসান
245 _aএকাত্তরের গল্প /
_c এহসান চৌধুরী
260 _aঢাকা :
_bমুক্তধারা,
_c১৯৮৬.
300 _a৭৯ পৃ. :
_c২১ সেমি.
650 _ashort stories
942 _2ddc
_cBK